Statystyki dla Jak dobrze znasz Chorwację?

Kliknij tutaj aby rozwiązać quiz!

Ogólne statystyki

  • Ten quiz został rozwiązany 154 razy
    (135 od ostatniego zresetowania)
  • Średni wynik to 9 z 17

Statystyki odpowiedzi

PytanieOdpowiedź% Poprawnych
Jaka jest stolica Chorwacji?Zagrzeb
100%
Ile kolorów ma flaga Chorwacji łącznie?5
97%
Ile sąsiadów ma Chorwacja?5
97%
Z kim Chorwacja ma nadłuższą granicę?Bośnia i Hercegowina
83%
Jaki jest język urzędowy Chorwacji?Chorwacki
80%
Od kiedy Chorwacja jest w Unii?2013
73%
Do jakiego morza Chorwacja ma dostęp?Adriatyk
73%
W którym roku Chorwacja odzyskała niepodległość?1991
70%
Z kim głównie Chorwaci bili się o swoją niepodległość podczas wojny na bałkanach?Serbia
57%
Jak się nazywa miasto w którym znajduje się niezdobyty zamek?Dubrownik
50%
Jaka narodowość jest druga w Chorwacji?Serbowie
37%
Największa wyspa Chorwacji to?Cres
29%
Jak się nazywa pierwsza stolica ChorwacjiNin
8%
W jakiej drużynie gra Chorwat Luka Cindrić?FC Barcelona
7%
Ile Chorwacja ma wysp?698
5%
Jak ma na nazwisko Pani Prezydent Chorwacji?Milanović
5%
W którym roku Chorwaci przyjęli chrzest?805
3%

Rozkład punktacji

Percentyl według liczby udzielonych odpowiedzi

Procent ludzi z każdym wynikiem

Twoja historia wyników

Nie rozwiązałeś tego quizu od ostatniego zresetowania